<?xml version="1.0" encoding="UTF-8"?>
<collection xmlns="http://www.loc.gov/MARC21/slim">
 <record>
  <leader>01888nam a2200373   4500</leader>
  <controlfield tag="001">DLU210195527</controlfield>
  <datafield tag="020" ind1="#" ind2="#">
   <subfield code="a">9786046534259</subfield>
  </datafield>
  <datafield tag="040" ind1="#" ind2="#">
   <subfield code="a">DLU</subfield>
   <subfield code="b">vie</subfield>
  </datafield>
  <datafield tag="041" ind1="#" ind2="#">
   <subfield code="a">vie</subfield>
   <subfield code="h">eng</subfield>
  </datafield>
  <datafield tag="044" ind1="#" ind2="#">
   <subfield code="a">vn</subfield>
  </datafield>
  <datafield tag="082" ind1="#" ind2="#">
   <subfield code="a">658.85</subfield>
   <subfield code="b">ZI-Z</subfield>
  </datafield>
  <datafield tag="100" ind1="#" ind2="#">
   <subfield code="a">Ziglar, Zig.</subfield>
  </datafield>
  <datafield tag="245" ind1="#" ind2="#">
   <subfield code="a">Phong cách bán hàng Zig Ziglar =</subfield>
   <subfield code="b">Ziglar on selling /</subfield>
   <subfield code="c">Zig Ziglar; Thanh Huyền, Nguyễn Trang dịch.</subfield>
  </datafield>
  <datafield tag="246" ind1="#" ind2="#">
   <subfield code="a">Ziglar on selling</subfield>
  </datafield>
  <datafield tag="250" ind1="#" ind2="#">
   <subfield code="a">Tái bản lần thứ ba.</subfield>
  </datafield>
  <datafield tag="260" ind1="#" ind2="#">
   <subfield code="a">H. :</subfield>
   <subfield code="b">Lao động - Xã hội,</subfield>
   <subfield code="c">2018.</subfield>
  </datafield>
  <datafield tag="300" ind1="#" ind2="#">
   <subfield code="a">380 tr. ;</subfield>
   <subfield code="c">21 cm.</subfield>
  </datafield>
  <datafield tag="505" ind1="#" ind2="#">
   <subfield code="a">Chương 1. Lựa chọn đúng đắn -- Chương 2. Bán hàng thời hiện đại -- Chương 3. Tìm người sẵn lòng mua hàng -- Chương 4. Bán hàng trong thế giới thực -- Chương 5. Bán hàng bằng kế hoạch, không phải bằng may mắn -- Chương 6. Câu hỏi chính là câu trả lời -- Chương 7. &quot;Chất vấn&quot; đàm thoại -- Chương 8. &quot;Thắp đèn sáng lên&quot;</subfield>
  </datafield>
  <datafield tag="505" ind1="#" ind2="#">
   <subfield code="a">Chương 9. Cung cấp giải pháp cho vấn đề của khách hàng -- Chương 10. Những điều cơ bản về các phương pháp kết thúc bán hàng -- Chương 11. Kết thúc cuộc bán hàng thường xuyên hơn -- Chương 12. Từ &quot;phục vụ khách hàng&quot; đến &quot;thỏa mãn khách hàng&quot; -- Chương 13. Sự mê hoặc của những chuyến đi -- Chương 14. Hệ thống hỗ trợ bán hàng thành công -- Chương 15. Tổ chức và kỷ luật -- Chương 16. Hãy là người chuẩn mực.</subfield>
  </datafield>
  <datafield tag="650" ind1="#" ind2="#">
   <subfield code="a">Bán hàng.</subfield>
  </datafield>
  <datafield tag="650" ind1="#" ind2="#">
   <subfield code="a">Quản lý bán hàng.</subfield>
  </datafield>
  <datafield tag="700" ind1="#" ind2="#">
   <subfield code="a">Nguyễn Trang,</subfield>
   <subfield code="e">dịch.</subfield>
  </datafield>
  <datafield tag="700" ind1="#" ind2="#">
   <subfield code="a">Thanh Huyền,</subfield>
   <subfield code="e">dịch.</subfield>
  </datafield>
  <datafield tag="923" ind1="#" ind2="#">
   <subfield code="a">03/2020</subfield>
  </datafield>
  <datafield tag="991" ind1="#" ind2="#">
   <subfield code="a">SH</subfield>
  </datafield>
  <datafield tag="992" ind1="#" ind2="#">
   <subfield code="a">139000</subfield>
  </datafield>
  <datafield tag="994" ind1="#" ind2="#">
   <subfield code="a">DLU</subfield>
  </datafield>
  <datafield tag="900" ind1="#" ind2="#">
   <subfield code="a">True</subfield>
  </datafield>
  <datafield tag="911" ind1="#" ind2="#">
   <subfield code="a">Nguyễn Thanh Hương</subfield>
  </datafield>
  <datafield tag="925" ind1="#" ind2="#">
   <subfield code="a">G</subfield>
  </datafield>
  <datafield tag="926" ind1="#" ind2="#">
   <subfield code="a">A</subfield>
  </datafield>
  <datafield tag="927" ind1="#" ind2="#">
   <subfield code="a">SH</subfield>
  </datafield>
  <datafield tag="980" ind1="#" ind2="#">
   <subfield code="a">Thư viện Trường Đại học Đà Lạt</subfield>
  </datafield>
 </record>
</collection>
